000 00318nam a22001337a 4500
008 181019b xxu||||| |||| 00| 0 eng d
020 _a0070107807
041 _aeng
080 _22nd
_a330
100 _a52
101 _aEKO
245 _aFundamental Methods of Mathematical Economics
_cChiang,A.C
942 _2udc
_cBK
999 _c50246
_d50246